On This Day: February 3rd Quiz Stats

 Plays Quiz Updated Feb 3, 2018

Challenge
Share
Tweet
Embed
Score 0/7 Timer 03:00
0 Plays Today
Question Answer Wrong Answers
Portuguese explorer Bartolomeu Dias becomes the first European to reach this cape, first named 'Cape of Storms', on the southern point of Africa.
1488
Cape of Good Hope
93.3%
Cape Point
3%
Cape Agulhas
1.8%
Cape Coral
1.3%
This Nobel Peace Prize-winning US president dies only three years after his final term.
1924
Woodrow Wilson
63.9%
Franklin D. Roosevelt
20.9%
Warren G. Harding
7.2%
Herbert Hoover
5.8%
In an event later coined as 'The Day the Music Died' by Don McLean, American rock musicians Buddy Holly, Ritchie Valens, and J.P. Richardson die in a plane crash in this state.
1959
Iowa
50.1%
Minnesota
17.7%
Illinois
11.1%
Missouri
18.6%
The first paper money in the Americas is issued in this British colony.
1690
Massachusetts Bay
49.3%
Plymouth
27.9%
Connecticut
10.2%
Roanoke
11.3%
Five years after the constitutional Amendment abolishing slavery in the US, this Amendment, which ensured a citizen's right to vote regardless of race, is ratified
1870
15th
30.8%
14th
37.6%
16th
14.8%
18th
14.9%
Over 2,000 civilians of Cesena, Italy are killed by soldiers under the command of Cardinal Robert of Geneva during which war?
1377
War of the Eight Saints
25.6%
Hundred Years' War
44.7%
War of Ferrara
17.3%
War of the Two Peters
12.3%
The deadliest snowstorm in history, lasting seven days, begins in this Middle Eastern country.
1972
Iran
25.4%
Iraq
7.6%
Afghanistan
49.8%
Syria
14.3%

You're not logged in!

Compare scores with friends on all Sporcle quizzes.
OR
Log In

You Might Also Like...

Show Comments

Extras

Top Quizzes Today


Score Distribution

Your Account Isn't Verified!

In order to create a playlist on Sporcle, you need to verify the email address you used during registration. Go to your Sporcle Settings to finish the process.

Report this User

Report this user for behavior that violates our Community Guidelines.

Details: